| 000 -LEADER |
| fixed length control field |
01705nam a22005177a 4500 |
| 001 - CONTROL NUMBER |
| control field |
5008525 |
| 003 - CONTROL NUMBER IDENTIFIER |
| control field |
LIBRIS |
| 005 - DATE AND TIME OF LATEST TRANSACTION |
| control field |
20210422063218.0 |
| 008 - FIXED-LENGTH DATA ELEMENTS--GENERAL INFORMATION |
| fixed length control field |
011211s2001 xxu 001 0 eng c |
| 020 ## - INTERNATIONAL STANDARD BOOK NUMBER |
| International Standard Book Number |
0520229134 (hft.) ; |
| 040 ## - CATALOGING SOURCE |
| Original cataloging agency |
BNB |
| Modifying agency |
Lx |
| Language of cataloging |
eng |
| Transcribing agency |
DLC |
| 041 ## - LANGUAGE CODE |
| Language code of text/sound track or separate title |
eng |
| 080 ## - UNIVERSAL DECIMAL CLASSIFICATION NUMBER |
| Universal Decimal Classification number |
61 |
| Item number |
F-24 |
| 082 1# - DEWEY DECIMAL CLASSIFICATION NUMBER |
| Classification number |
306.461 |
| Edition number |
21 |
| 084 ## - OTHER CLASSIFICATION NUMBER |
| Classification number |
V:oa |
| Number source |
kssb/7 |
| 100 1# - MAIN ENTRY--PERSONAL NAME |
| Personal name |
Farmer, Paul |
| 245 00 - TITLE STATEMENT |
| Title |
Infections and inequalities : |
| Remainder of title |
the modern plagues / |
| Statement of responsibility, etc. |
/ by: University of California Press |
| 250 ## - EDITION STATEMENT |
| Edition statement |
Updated ed. with a new preface |
| 260 ## - PUBLICATION, DISTRIBUTION, ETC. |
| Place of publication, distribution, etc. |
Berkeley ; |
| -- |
London : |
| Name of publisher, distributor, etc. |
University of California Press, |
| Date of publication, distribution, etc. |
2001 |
| 300 ## - PHYSICAL DESCRIPTION |
| Extent |
xliv, 375 p. |
| Dimensions |
23 cm |
| 500 ## - GENERAL NOTE |
| General note |
Previous ed.: 1999 |
| 504 ## - BIBLIOGRAPHY, ETC. NOTE |
| Bibliography, etc. note |
Includes bibliographical references and index |
| 650 #2 - SUBJECT ADDED ENTRY--TOPICAL TERM |
| Topical term or geographic name entry element |
Health |
| 650 #0 - SUBJECT ADDED ENTRY--TOPICAL TERM |
| Topical term or geographic name entry element |
Medicine |
| 9 (RLIN) |
69 |
| 650 #2 - SUBJECT ADDED ENTRY--TOPICAL TERM |
| Topical term or geographic name entry element |
Poverty |
| 650 #2 - SUBJECT ADDED ENTRY--TOPICAL TERM |
| Topical term or geographic name entry element |
Communicable Diseases |
| 650 #2 - SUBJECT ADDED ENTRY--TOPICAL TERM |
| Topical term or geographic name entry element |
Socioeconomic Factors |
| 650 #2 - SUBJECT ADDED ENTRY--TOPICAL TERM |
| Topical term or geographic name entry element |
Social Conditions |
| 650 #7 - SUBJECT ADDED ENTRY--TOPICAL TERM |
| Topical term or geographic name entry element |
Poor |
| General subdivision |
Health and hygiene |
| Source of heading or term |
BNB |
| 650 #7 - SUBJECT ADDED ENTRY--TOPICAL TERM |
| Topical term or geographic name entry element |
Socially handicapped |
| General subdivision |
Health and hygiene |
| Source of heading or term |
BNB |
| 650 #7 - SUBJECT ADDED ENTRY--TOPICAL TERM |
| Topical term or geographic name entry element |
Communicable diseases |
| General subdivision |
Social aspects |
| Source of heading or term |
BNB |
| 650 #7 - SUBJECT ADDED ENTRY--TOPICAL TERM |
| Topical term or geographic name entry element |
Medicinsk sociologi |
| Source of heading or term |
sao |
| Authority record control number or standard number |
153786 |
| 653 ## - INDEX TERM--UNCONTROLLED |
| Uncontrolled term |
მედიცინა |
| 653 ## - INDEX TERM--UNCONTROLLED |
| Uncontrolled term |
გადამდები დაავადებები |
| 653 ## - INDEX TERM--UNCONTROLLED |
| Uncontrolled term |
ჯანმრთელობა |
| 653 ## - INDEX TERM--UNCONTROLLED |
| Uncontrolled term |
სიღარიბე |
| 942 ## - ADDED ENTRY ELEMENTS (KOHA) |
| Source of classification or shelving scheme |
|
| Koha item type |
Books |